000 00415nam a22001577a 4500
999 _c2092
_d2092
008 200212b ||||| |||| 00| 0 eng d
082 0 0 _a343.410967
_bM1351
100 _9677
_aMacDonald, K.
245 1 0 _aDocks regulations,factories act 1937 explained
_cby K MacDonald
250 _a2nd
260 _aGlasgow
_bBrown & Ferguson
_c1948
300 _a72p.
365 _d5.10
650 0 _aCargo Handling
942 _cBK